[Event "GER-chT Federal Cup (Women)"]
[Site "Germany"]
[Date "2011.06.16"]
[Round "1.8"]
[White "Zilberman, Alexandra"]
[Black "Weber, Daniela"]
[Result "1/2-1/2"]
[WhiteElo "1186"]
[BlackElo "1368"]
[PlyCount "72"]
[EventDate "2011.06.16"]
[EventType "team-swiss"]
[EventRounds "5"]
[EventCountry "GER"]
[SourceTitle "EXT 2012"]
[Source "ChessBase"]
[SourceDate "2011.11.24"]
[SourceVersion "1"]
[SourceVersionDate "2011.11.24"]
[SourceQuality "1"]
[WhiteTeam "Baden"]
[BlackTeam "Nordrhein Westfalen II"]
[WhiteTeamCountry "GER"]
[BlackTeamCountry "GER"]

1. e4 e5 2. Nf3 Nc6 3. Bc4 Bc5 4. c3 Nf6 5. d4 exd4 6. cxd4 Bb4+ 7. Bd2 Nxe4 8. Bxb4 Nxb4 9. Qb3 Qe7 10. 0-0 0-0 11. Re1 d5 12. Bxd5 Nxd5 13. Qxd5 Nf6 14. Qc4 Be6 15. d5 Bxd5 16. Rxe7 Bxc4 17. Rxc7 Bd5 18. Nd4 Rac8 19. Rxc8 Rxc8 20. Nc3 a6 21. Nf5 Kf8 22. Re1 Be6 23. Nd4 Rd8 24. Nxe6+ fxe6 25. Rxe6 Kf7 26. Rb6 Ne4 27. Rxb7+ Kf8 28. f3 Nxc3 29. bxc3 Rd1+ 30. Kf2 Rd2+ 31. Ke3 Rxg2 32. Rb8+ Kf7 33. Rb7+ Kf8 34. Rb8+ Kf7 35. Rb7+ Kf8 36. Rb8+ Kf7 1/2-1/2